The World in the Third Millennium/ (Record no. 206065)
[ view plain ]
| 000 -LEADER | |
|---|---|
| fixed length control field | 00599nam a22001817a 4500 |
| 005 - DATE AND TIME OF LATEST TRANSACTION | |
| control field | 20241001164910.0 |
| 010 ## - LCCN (DPL NO) | |
| LC control number | ENG-141871 |
| 020 ## - INTERNATIONAL STANDARD BOOK NUMBER | |
| International Standard Book Number | 9788124119747 |
| Terms of availability | 430.00 |
| 035 ## - SYSTEM CONTROL NUMBER | |
| System control number | EN-125403 |
| 037 ## - SOURCE OF ACQUISITION | |
| Source of stock number/acquisition | DBAD |
| 082 ## - DEWEY DECIMAL CLASSIFICATION NUMBER | |
| Classification number | 320.954 |
| 100 ## - MAIN ENTRY--PERSONAL NAME | |
| Personal name | Bannerjee, Arun Kumar |
| 245 ## - TITLE STATEMENT | |
| Title | The World in the Third Millennium/ |
| Statement of responsibility, etc | By Arun Kumar Bannerjee |
| 260 ## - PUBLICATION, DISTRIBUTION, ETC. (IMPRINT) | |
| Place of publication, distribution, etc | New Delhi |
| Name of publisher, distributor, etc | Har anand Publications Pvt Ltd |
| Date of publication, distribution, etc | 2017 |
| 270 ## - ADDRESS | |
| Address | E-49/3, Okhla Industrial Area, Phase-II |
| Postal code | 110020 |
| City | New Delhi |
| Electronic mail address | haranand@rediffmail.com |
| 300 ## - PHYSICAL DESCRIPTION | |
| Extent | 270p. |
| Dimensions | 23cm(hbk) |
| 942 ## - ADDED ENTRY ELEMENTS (KOHA) | |
| Source of classification or shelving scheme | Dewey Decimal Classification |
| Item type | English Books |
| Call number suffix | BAN |
| Classification part | 320.954 |
| Withdrawn status | Lost status | Not for loan | Collection code | Home library | Current library | Date acquired | Source of acquisition | Cost, normal purchase price | Full call number | Barcode | Copy number | Cost, replacement price | Koha item type |
|---|---|---|---|---|---|---|---|---|---|---|---|---|---|
| Non-fiction | Bawana | Bawana | 01/10/2024 | Delivery of Books Act Division | 430.00 | BAN 320.954 | EN-125403 | 1 | 430.00 | English Books |
